[Event "Veliko Gradiste Silver Lake op"]
[Site "Veliko Gradiste"]
[Date "2019.06.17"]
[Round "2"]
[White "Bojicic, Andjela"]
[Black "Nagare, Akhilesh"]
[Result "1/2-1/2"]
[WhiteElo "2065"]
[BlackElo "1890"]
[PlyCount "92"]
[EventDate "2019.06.16"]
[EventType "swiss"]
[EventRounds "9"]
[EventCountry "SRB"]
[SourceTitle "CBM 191 Extra"]
[Source "ChessBase"]
[SourceDate "2019.09.30"]
[SourceVersion "1"]
[SourceVersionDate "2019.09.30"]
[SourceQuality "1"]

1. d4 Nf6 2. c4 e6 3. a3 c5 4. dxc5 Bxc5 5. Nc3 b6 6. e3 Bb7 7. Nf3 a6 8. Be2 0-0 9. 0-0 Be7 10. b4 d6 11. Bb2 Nbd7 12. Rc1 Rc8 13. Qd4 Qc7 14. Nb1 Rfd8 15. Nbd2 Qb8 16. Qh4 e5 17. Qh3 Rc7 18. Nh4 g6 19. Qg3 Bf8 20. f4 Bg7 21. f5 Ne4 22. Nxe4 Bxe4 23. fxg6 fxg6 24. Qg4 d5 25. cxd5 Bxd5 26. Bc4 Bxc4 27. Rxc4 Nf8 28. Rfc1 Rcd7 29. Rf1 Qd6 30. Nf3 Rf7 31. Qe4 Qd3 32. Qxd3 Rxd3 33. Rc3 Rxc3 34. Bxc3 Nd7 35. Ng5 Rxf1+ 36. Kxf1 b5 37. Ne4 Bf8 38. Ke2 Be7 39. Kd3 Kf7 40. Nf2 Ke6 41. e4 h5 42. Nd1 Nb6 43. Bd2 Bd8 44. Nb2 Be7 45. Be3 Nd7 46. Nd1 Nb8 1/2-1/2

[Event "SRB-ch (Women) 13th"]
[Site "Guca"]
[Date "2019.05.12"]
[Round "7"]
[White "Gajcin, Marina"]
[Black "Bojicic, Andjela"]
[Result "1-0"]
[WhiteElo "2299"]
[BlackElo "2105"]
[PlyCount "95"]
[EventDate "2019.05.06"]
[EventType "tourn"]
[EventRounds "9"]
[EventCountry "SRB"]
[SourceTitle "CBM 190 Extra"]
[Source "ChessBase"]
[SourceDate "2019.07.15"]
[SourceVersion "1"]
[SourceVersionDate "2019.07.15"]
[SourceQuality "1"]

1. e4 c5 2. Nf3 d6 3. Bb5+ Bd7 4. Bxd7+ Qxd7 5. c4 Nc6 6. d4 cxd4 7. Nxd4 Nf6 8. Nc3 g6 9. f3 Bg7 10. Be3 0-0 11. Rc1 a6 12. a4 e6 13. 0-0 Rfd8 14. Nxc6 bxc6 15. a5 d5 16. Bb6 Rdb8 17. Rc2 dxc4 18. Na4 Qd3 19. Rc3 Qd7 20. Rxc4 Qe8 21. Qc2 Rc8 22. Rd1 Bf8 23. Bd4 e5 24. Be3 Rd8 25. Rxd8 Qxd8 26. Bb6 Qe7 27. Rxc6 Qb4 28. Kf2 Nd7 29. Qc4 Qd2+ 30. Qe2 Qb4 31. Rc4 Qe7 32. Be3 Qd8 33. b4 Rb8 34. Nb6 Qh4+ 35. Kg1 Nxb6 36. Bxb6 Qf6 37. Qd2 Qe7 38. Qd5 Qh4 39. g3 Qf6 40. Kg2 Qe7 41. Rc7 Qe8 42. Qd7 Qxd7 43. Rxd7 Bxb4 44. Ra7 Rc8 45. Rxa6 Rc2+ 46. Kh3 Ra2 47. Ra8+ Kg7 48. a6 1-0